[Event "Tuimazy-ch"]
[Site "Tuimazy"]
[Date "2019.01.30"]
[Round "4"]
[White "Evstafyev, Georgy"]
[Black "Tazetdinov, Munir"]
[Result "1-0"]
[WhiteElo "1739"]
[BlackElo "1817"]
[PlyCount "67"]
[EventDate "2019.01.27"]
[EventType "tourn"]
[EventRounds "11"]
[EventCountry "RUS"]
[SourceTitle "CBM 189 Extra"]
[Source "ChessBase"]
[SourceDate "2019.06.03"]
[SourceVersion "1"]
[SourceVersionDate "2019.06.03"]
[SourceQuality "1"]

1. e4 c5 2. Nf3 d6 3. d4 cxd4 4. Nxd4 Nf6 5. Nc3 Nc6 6. Bc4 Qb6 7. Nb3 Bg4 8. f3 Bd7 9. Qe2 e6 10. Be3 Qc7 11. Nd4 a6 12. Bb3 Na5 13. Qd2 b5 14. g4 h6 15. h4 Be7 16. 0-0-0 Rb8 17. Rdg1 b4 18. Nb1 Nxb3+ 19. axb3 a5 20. g5 hxg5 21. hxg5 Nh5 22. g6 Rc8 23. gxf7+ Kxf7 24. Qg2 Bf6 25. Qg6+ Ke7 26. Bg5 Be8 27. Bxf6+ gxf6 28. Qg2 Bf7 29. Qd2 Qc5 30. Rg2 Rhg8 31. Rhg1 Rxg2 32. Rxg2 e5 33. Nf5+ Kd7 34. Qh6 1-0

[Event "Tuimazy-ch"]
[Site "Tuimazy"]
[Date "2018.01.29"]
[Round "3"]
[White "Tazetdinov, Munir"]
[Black "Gafarov, Damir"]
[Result "1-0"]
[WhiteElo "1854"]
[BlackElo "1891"]
[PlyCount "71"]
[EventDate "2018.01.28"]
[EventType "tourn"]
[EventRounds "11"]
[EventCountry "RUS"]
[SourceTitle "EXT 2019"]
[Source "ChessBase"]
[SourceDate "2018.10.10"]
[SourceVersion "1"]
[SourceVersionDate "2018.10.10"]
[SourceQuality "1"]

1. e4 c5 2. Nf3 d6 3. d4 cxd4 4. Nxd4 Nf6 5. Nc3 a6 6. g3 e5 7. Nb3 Be6 8. Bg2 Be7 9. 0-0 0-0 10. a4 Nbd7 11. Re1 Qc7 12. Nd2 Rfd8 13. Nf1 Nb6 14. Ne3 Rac8 15. Ncd5 Nbxd5 16. exd5 Bd7 17. a5 Bf8 18. b3 Be8 19. Nc4 Nd7 20. Be3 g6 21. Bh3 Rb8 22. Rc1 Bg7 23. Nb6 f5 24. c4 Bf7 25. b4 Re8 26. c5 dxc5 27. bxc5 Nxb6 28. axb6 Qd8 29. Bg2 e4 30. d6 Re5 31. f3 exf3 32. Bxf3 Qd7 33. Bf2 Rc8 34. Qd2 Rxe1+ 35. Rxe1 Bf6 36. Bd4 1-0

[Event "Tuimazy-ch Men"]
[Site "Tuimazy"]
[Date "2017.01.31"]
[Round "3"]
[White "Tazetdinov, Munir"]
[Black "Zemlyanov, Nikita Anatolievich"]
[Result "1/2-1/2"]
[WhiteElo "1863"]
[BlackElo "2056"]
[PlyCount "72"]
[EventDate "2017.01.24"]
[EventType "tourn"]
[EventRounds "11"]
[EventCountry "RUS"]
[SourceTitle "EXT 2022"]
[Source "ChessBase"]
[SourceDate "2021.10.06"]
[SourceVersion "1"]
[SourceVersionDate "2021.10.06"]
[SourceQuality "1"]

1. d4 Nf6 2. c4 c5 3. d5 e6 4. Nc3 exd5 5. cxd5 d6 6. e4 g6 7. f4 Bg7 8. Bb5+ Bd7 9. e5 dxe5 10. fxe5 Qe7 11. Qe2 Bxb5 12. exf6 Bxe2 13. fxe7 Bc4 14. d6 Be5 15. Ne4 Kd7 16. Bg5 f5 17. Bf6 fxe4 18. Bxe5 Nc6 19. Bxh8 Rxh8 20. Rd1 Nd4 21. Nh3 Kxd6 22. Ng5 Kxe7 23. Nxe4 b6 24. b4 Nc2+ 25. Kd2 Nxb4 26. Kc3 Bxa2 27. Rhe1 a5 28. Nxc5+ Kf7 29. Rd7+ Kf6 30. Rd6+ Kf5 31. Nd7 Rc8+ 32. Kd2 Rc2+ 33. Ke3 Rc3+ 34. Kd2 Rc2+ 35. Ke3 Rc3+ 36. Kd2 Rc2+ 1/2-1/2

[Event "Tuimazy-ch"]
[Site "Tuimazy"]
[Date "2016.01.28"]
[Round "5"]
[White "Tazetdinov, Munir"]
[Black "Zemlyanov, Nikita Anatolievich"]
[Result "0-1"]
[WhiteElo "1757"]
[BlackElo "2069"]
[PlyCount "64"]
[EventDate "2016.01.19"]
[EventType "tourn"]
[EventRounds "13"]
[EventCountry "RUS"]
[SourceTitle "CBM 170 Extra"]
[Source "ChessBase"]
[SourceDate "2016.02.25"]
[SourceVersion "1"]
[SourceVersionDate "2016.02.25"]
[SourceQuality "1"]

1. e4 c5 2. Nf3 Nc6 3. d4 cxd4 4. Nxd4 g6 5. Nc3 Bg7 6. Be3 Nf6 7. f3 0-0 8. Qd2 d5 9. exd5 Nxd5 10. Nxc6 bxc6 11. Nxd5 cxd5 12. c3 e5 13. Rd1 Bb7 14. Be2 Qh4+ 15. Bf2 Qa4 16. 0-0 a5 17. Rfe1 Rac8 18. h3 Rfd8 19. Bb6 Rd6 20. b3 Qc6 21. Bxa5 Qc5+ 22. Kh1 Qxa5 23. c4 Qa3 24. b4 e4 25. Rc1 e3 26. Qd1 Bc3 27. c5 Bxe1 28. Qxe1 Rdd8 29. Bb5 d4 30. c6 Ba8 31. c7 Rd5 32. Bf1 Rd7 0-1